000 00393nam a22001457a 4500
999 _c10039
_d10039
003 GBCCL
005 20241126110724.0
008 240213b ||||| |||| 00| 0 eng d
040 _cgbc
082 _aSOU SIN
_b2023
245 _aEBCC Sinzawl 1923-2023 centenary souvenir
260 _aSinzawl :
_bCentenary celebration committe EBCC Sinzawl,
_c2023
300 _a152p. ;
942 _2ddc
_cARCH